Obálka Náhled e-knihy:
Epub
Pro půjčování e-knih musíte být přihlášeni.
Jak si půjčit online?

Stanice odložených lásek /

Příběh inspirovaný skutečnými událostmi sleduje životní osudy dvou mladých žen v rozmezí třiceti let.

Uloženo v:
Série:Vesnice Stamice, část 1
Hlavní autor: Körnerová, Hana Marie, 1954- (Autor)
Médium: E-kniha
Jazyk:Czech
Vydáno: Brno : MOBA, 2022
Vydání:Vydání třetí
Témata:
Příbuzné jednotky:Z cyklu:: Vesnice Stamice
Tagy:
Žádné tagy
LEADER 01956nam a2200373 i 4500
001 305835
003 CZ PrSKC
005 20260601215540.0
007 ta
008 220628s2022 xr g 000 f cze
015 |a cnb003430526 
020 |a 9788027904457  |q (vázáno) 
035 |a (OCoLC)1357140028 
040 |a ABG001  |b cze  |e rda 
072 7 |a 821.162.3-3  |x Česká próza  |2 Konspekt 
080 |a 821.162.3-31  |2 MRF 
080 |a (0:82-31)  |2 MRF 
100 1 |a Körnerová, Hana Marie,  |d 1954-  |7 jn19990201037  |4 aut 
245 1 0 |a Stanice odložených lásek /  |c Hana Marie Körnerová 
250 |a Vydání třetí 
264 1 |a Brno :  |b MOBA,  |c 2022 
300 |a 312 stran ;  |c 21 cm 
336 |a text  |b txt  |2 rdacontent 
337 |a bez média  |b n  |2 rdamedia 
338 |a svazek  |b nc  |2 rdacarrier 
520 2 |a Příběh inspirovaný skutečnými událostmi sleduje životní osudy dvou mladých žen v rozmezí třiceti let.  |b Laděna a Kamila jsou ze stejné vesnice a přátelí se od školních lavic. Jejich osudy začínáme sledovat na začátku 70. let 20. století, kdy se Laděna jako osmnáctiletá vdává a Kamila dokončuje studia na zdravotnické škole. Obě vykročily ne zrovna šťastně. V průběhu dalších let se musí vyrovnávat s nástrahami života, aby téměř v padesáti zjistily, že jsou obě natolik silné, aby měly odvahu vstát a začít znovu. 
655 7 |a české romány  |7 fd133974  |2 czenas 
655 9 |a Czech fiction  |2 eczenas 
787 0 8 |i Z cyklu:  |t Vesnice Stamice  |g 1 
900 |a ABA001  |b 21 
044 |a xr 
910 |a RBIT002 
998 |d 3390  |a https://core.palmknihy.cz/api/books/3390/cover?rcsjum  |b https://core.palmknihy.cz/api/books/3390/cover/400?rcsjum  |c https://core.palmknihy.cz/api/books/3390/cover/50?rcsjum  |e 2028-06-30  |g 296  |i 9788027904457  |j https://core.palmknihy.cz/api/books/3390/preview.epub  |l   |q 49  |r 1  |s https://www.palmknihy.cz/kniha/3390  |t ebook  |y 2022  |z 0  |v Vesnice Stamice  |w 1 
999 |d 305833